Aspectos funcionales del lenguaje en niños retardados

Uloženo v:
Podrobná bibliografie
Hlavní autoři: Bahamondes M., Norma (Autor), López S., Carmen (Autor), Morris B., Fernando (Autor), Petit V., Sonia (Autor)
Médium: Kniha
Jazyk:španělština
Vydáno: Santiago PIDEE 1991
Edice:Serie Estudios y Experiencias, 4
Témata:
Tagy: Přidat tag
Žádné tagy, Buďte první, kdo vytvoří štítek k tomuto záznamu!

MARC

LEADER 00000nam a2200000 a 4500
001 UCX9360
003 CL-VaPUC
008 940601e19910000CL |||||||||||||||||spa|d
082 0 4 |a 467.9  |b BAH  |2 21 
100 0 |a Bahamondes M., Norma  |e author  |9 326743 
700 0 |a López S., Carmen  |e author  |9 326744 
700 0 |a Morris B., Fernando  |e author  |9 326745 
700 0 |a Petit V., Sonia  |e author  |9 326746 
245 1 0 |a Aspectos funcionales del lenguaje en niños retardados 
300 |a 22 p 
942 |c BK 
945 |d 19940601 00:00:00  |a rbrito 
260 |a Santiago  |b PIDEE  |c 1991 
650 7 |a EXILIADOS  |2 CL-VaPUC  |9 313832 
650 7 |a LENGUAJE DE LOS NIÑOS  |2 CL-VaPUC  |9 307440 
650 0 |a Emigración e inmigración  |9 257711 
651 7 |a CHILE  |2 CL-VaPUC  |9 326747 
583 |a last modification  |c 19940601 00:00:00  |k Rodrigo Vera 
490 0 |a Serie Estudios y Experiencias, 4 
999 |c 228625  |d 228623 
952 |0 0  |1 0  |4 0  |6 467_900000000000000_BAH_1991  |7 0  |8 P  |9 228906  |a BIBEDU  |b BIBEDU  |c BIBEDU_PB  |d 2019-11-15  |i 296886K  |o 467.9 BAH 1991  |p 296886K  |r 2024-01-25  |w 2019-11-15  |y BK  |k EDU 
952 |0 0  |1 0  |4 0  |6 467_900000000000000_BAH_1991  |7 0  |8 P  |9 228907  |a BIBEDU  |b BIBEDU  |c BIBEDU_PB  |d 2019-11-15  |i 2968878  |o 467.9 BAH 1991  |p 2968878  |r 2024-01-25  |w 2019-11-15  |y BK  |k EDU 
952 |0 0  |1 0  |4 0  |6 467_900000000000000_BAH_1991  |7 0  |8 P  |9 228908  |a BIBEDU  |b BIBEDU  |c BIBEDU_PB  |d 2019-11-15  |i 3229238  |o 467.9 BAH 1991  |p 3229238  |r 2024-01-25  |w 2019-11-15  |y BK  |k EDU